000 00445nam a2200193Ia 4500
005 20230720124825.0
008 230524s9999 xx 000 0 und d
020 _a0074634542
082 _a005.133
_bVEN
100 _aK.R.Venugopal
245 0 _aMastering C++
250 _a1ST
260 _aNEW DELHI
_bTMH
_c1999
300 _aXX;804
500 _aQuantity Number: 12
650 _aComp-Sc
700 _aRaj Kumar Bubby
942 _cBK
999 _c36600
_d36600